[Event "20th EUR-ch"]
[Site "Skopje MKD"]
[Date "2019.03.20"]
[Round "3"]
[White "Nikolov, Momchil"]
[Black "Godena, Michele"]
[Result "1/2-1/2"]
[WhiteElo "2584"]
[BlackElo "2449"]
[EventDate "2019.03.18"]
[Board "57"]
[PlyCount "72"]

1.e4 e5 2.Nf3 Nc6 3.d4 exd4 4.Nxd4 Bc5 5.Nb3 Bb4+ 6.Nc3 Nge7 7.Bd3 d5 8.
O-O Bxc3 9.exd5 Qxd5 10.bxc3 O-O 11.c4 Qd6 12.Qh5 Ng6 13.Bb2 Qf4 14.h3 Nb4
15.Rae1 Nxd3 16.cxd3 Qf5 17.Qd1 Bd7 18.d4 Ba4 19.d5 f6 20.Qd4 Bxb3 21.axb3
b6 22.Re6 Rad8 23.Rfe1 h5 24.Qe3 Rf7 25.Ba3 Kh7 26.Re4 Ne5 27.Qg3 c6 28.
dxc6 Nxc6 29.Bd6 Rfd7 30.Bc7 Rd3 31.R4e3 Rxe3 32.Qxe3 Rd7 33.Bg3 Re7 34.
Qc3 Rxe1+ 35.Qxe1 Nd4 36.Qd1 Ne6 1/2-1/2

[Event "20th EUR-ch"]
[Site "Skopje MKD"]
[Date "2019.03.20"]
[Round "3"]
[White "Flom, Gabriel"]
[Black "Huzman, Alexander"]
[Result "1/2-1/2"]
[WhiteElo "2457"]
[BlackElo "2582"]
[EventDate "2019.03.18"]
[Board "58"]
[PlyCount "30"]

1.d4 Nf6 2.c4 e6 3.Nf3 d5 4.Nc3 Be7 5.Bf4 O-O 6.e3 Nbd7 7.Be2 dxc4 8.Bxc4 
c5 9.dxc5 Nxc5 10.O-O a6 11.a4 Qa5 12.Qe2 Bd7 13.Rfb1 Nce4 14.Nxe4 Nxe4 
15.Qc2 Nf6 1/2-1/2

[Event "20th EUR-ch"]
[Site "Skopje MKD"]
[Date "2019.03.20"]
[Round "3"]
[White "Santos Latasa, Jaime"]
[Black "Pultinevicius, Paulius"]
[Result "1/2-1/2"]
[WhiteElo "2582"]
[BlackElo "2439"]
[EventDate "2019.03.18"]
[Board "59"]
[PlyCount "140"]

1.e4 e5 2.Nf3 Nc6 3.d4 exd4 4.Nxd4 Nf6 5.Nxc6 bxc6 6.e5 Qe7 7.Qe2 Nd5 8.h4
Qe6 9.g3 d6 10.c4 Nb6 11.b3 dxe5 12.Bb2 Bb4+ 13.Nd2 O-O 14.O-O-O Re8 15.
Bg2 a5 16.Rhe1 f6 17.f4 a4 18.fxe5 axb3 19.axb3 Bd7 20.Rf1 Ra2 21.Nb1 Bd6 
22.Rxd6 cxd6 23.Nc3 Rxb2 24.Kxb2 Rb8 25.Kc2 dxe5 26.Be4 Qe7 27.g4 Be6 28.
g5 f5 29.Bxf5 Bxf5+ 30.Rxf5 Nd7 31.Qe3 Qa3 32.Na4 Qa1 33.Nc3 Ra8 34.Rf2 
Nf8 35.Qf3 Qa7 36.Qf5 Re8 37.Rd2 Rb8 38.Na4 Qe3 39.Qd3 Qf4 40.Qd6 Qe4+ 41.
Kb2 Re8 42.h5 Qf4 43.Rg2 Qf3 44.Rc2 Re6 45.Qc7 Qe3 46.Qd8 e4 47.Nc3 Qg1 
48.h6 gxh6 49.gxh6 Rxh6 50.Nxe4 Qg7+ 51.Nc3 Rg6 52.Rd2 h5 53.Qd4 Qxd4 54.
Rxd4 Rg2+ 55.Kc1 Ng6 56.Rd2 Rg4 57.Rh2 h4 58.Ne2 Kf7 59.Kd2 Ke6 60.Kd3 c5 
61.Ke3 Ke5 62.Rh1 Ne7 63.Kf3 Kf5 64.Rd1 Rg8 65.Rd7 Ke6 66.Rb7 Kd6 67.b4 
cxb4 68.c5+ Ke6 69.Rxb4 Kd5 70.Rxh4 Kxc5 1/2-1/2

[Event "20th EUR-ch"]
[Site "Skopje MKD"]
[Date "2019.03.20"]
[Round "3"]
[White "Zwardon, Vojtech"]
[Black "Yuffa, Daniil"]
[Result "1/2-1/2"]
[WhiteElo "2452"]
[BlackElo "2582"]
[EventDate "2019.03.18"]
[Board "60"]
[PlyCount "81"]

1.c4 g6 2.g3 Bg7 3.Bg2 e6 4.Nc3 Ne7 5.d4 d5 6.Nf3 Nbc6 7.cxd5 exd5 8.O-O 
O-O 9.Bf4 Bg4 10.Ne5 Nxe5 11.Bxe5 Bxe5 12.dxe5 c6 13.Qd2 Re8 14.Rfd1 Qc7 
15.Qf4 Qc8 16.Rac1 Qf5 17.Qb4 a5 18.Qd4 Qh5 19.f3 Bh3 20.Bxh3 Qxh3 21.e4 
Rad8 22.Qb6 h5 23.exd5 cxd5 24.Ne4 h4 25.Nf6+ Kf8 26.Qf2 hxg3 27.Qxg3 Qh6 
28.f4 Nf5 29.Qf3 d4 30.Nxe8 Rxe8 31.Rc7 Qh4 32.Qb3 Re6 33.Qf3 Ne3 34.Rdc1 
Rc6 35.R7xc6 bxc6 36.Kh1 c5 37.b3 Kg7 38.Rg1 Kf8 39.a4 Qe7 40.Qe4 Qe6 41.
Qb7 1/2-1/2

[Event "20th EUR-ch"]
[Site "Skopje MKD"]
[Date "2019.03.20"]
[Round "3"]
[White "Colovic, Aleksandar"]
[Black "Hracek, Zbynek"]
[Result "0-1"]
[WhiteElo "2449"]
[BlackElo "2578"]
[EventDate "2019.03.18"]
[Board "61"]
[PlyCount "104"]

1.d4 Nf6 2.c4 e6 3.Nc3 Bb4 4.e3 O-O 5.Nf3 d5 6.Bd2 b6 7.cxd5 exd5 8.Rc1 c5
9.a3 Bxc3 10.Bxc3 c4 11.b3 b5 12.bxc4 bxc4 13.Be2 Ne4 14.O-O Bg4 15.h3 Bh5
16.Re1 Nd7 17.Qa4 Nxc3 18.Rxc3 Nf6 19.Nd2 Bg6 20.Bf3 Re8 21.Rcc1 Rb8 22.
Nb1 Be4 23.Be2 Qe7 24.Nd2 Rb2 25.Qa5 Bg6 26.Bf3 Ne4 27.Nxe4 Bxe4 28.Bxe4 
Qxe4 29.Qxa7 h6 30.Qc7 Re6 31.Qf4 Qd3 32.Rcd1 Qc2 33.Rc1 Qd3 34.Rcd1 Qc2 
35.Rc1 Qb3 36.e4 ( 36.Ra1 ) 36...Rf6 37.Qe3 Rfxf2 38.Qxf2 Rxf2 39.Kxf2 
dxe4 40.Kg1 f5 41.Ra1 Qa4 42.Kh1 Kf7 43.Red1 Ke6 44.d5+ Kd6 45.Rd4 e3 46.
Re1 Qb3 47.Kh2 Qc3 48.Rdd1 Qxa3 49.Ra1 Qd3 50.h4 g5 51.hxg5 hxg5 52.Rad1 
Qd2 0-1

[Event "20th EUR-ch"]
[Site "Skopje MKD"]
[Date "2019.03.20"]
[Round "3"]
[White "Arsovic, Goran"]
[Black "Paichadze, Luka"]
[Result "1/2-1/2"]
[WhiteElo "2380"]
[BlackElo "2576"]
[EventDate "2019.03.18"]
[Board "62"]
[PlyCount "78"]

1.d4 Nf6 2.Nf3 e6 3.c4 b6 4.a3 Ba6 5.e3 d5 6.Nbd2 c5 7.dxc5 Bxc5 8.b4 Be7 
9.Bb2 O-O 10.Rc1 Bb7 11.Be2 dxc4 12.Nxc4 Qxd1+ 13.Rxd1 Bd5 14.O-O Rc8 15.
Rc1 Nbd7 16.Nce5 a5 17.Nxd7 Nxd7 18.Bb5 Nf6 19.bxa5 bxa5 20.a4 Ne4 21.Ne5 
f6 22.Nc4 Rab8 23.Nxa5 Nd6 24.Rxc8+ Rxc8 25.Rc1 Rb8 26.Nc6 Bxc6 27.Rxc6 
Nxb5 28.axb5 Rxb5 29.Rc2 h5 30.h4 Kf7 31.g3 e5 32.Kg2 Ke6 33.Kf3 Bc5 34.
Rd2 Rb4 35.Ba3 Rc4 36.Bxc5 Rxc5 37.Ra2 Rc3 38.Ke4 Rc4+ 39.Kf3 Kf5 1/2-1/2

[Event "20th EUR-ch"]
[Site "Skopje MKD"]
[Date "2019.03.20"]
[Round "3"]
[White "Alexandrov, Alexei"]
[Black "Erenberg, Ariel"]
[Result "1-0"]
[WhiteElo "2574"]
[BlackElo "2394"]
[EventDate "2019.03.18"]
[Board "63"]
[PlyCount "83"]

1.d4 Nf6 2.c4 e6 3.Nc3 Bb4 4.e3 O-O 5.Bd3 d5 6.Nf3 c5 7.O-O cxd4 8.exd4 
dxc4 9.Bxc4 b6 10.Bf4 Bb7 11.Rc1 Nc6 12.Bd3 Ne7 13.a3 Bxc3 14.bxc3 Ng6 15.
Bg3 Nh5 16.Re1 Nhf4 17.Bf1 Rc8 18.a4 Qf6 19.Ne5 Nxe5 20.Rxe5 Rfd8 21.a5 
Nd5 22.Qb3 Qe7 23.c4 bxa5 24.Rb1 Nb4 25.d5 Ba6 26.dxe6 Nc6 27.exf7+ Qxf7 
28.Rc5 Nd4 29.Qa3 Rxc5 30.Qxc5 Qf5 31.Qe7 Nc6 32.Qe1 h5 33.h4 Nd4 34.Ra1 
Nc6 35.Kh2 Qf7 36.Qe4 Bb7 37.Bd3 Kf8 38.Qh7 Ne7 39.Rxa5 g6 40.Qh6+ Kg8 41.
Rxa7 Rxd3 42.Rxb7 1-0

[Event "20th EUR-ch"]
[Site "Skopje MKD"]
[Date "2019.03.20"]
[Round "3"]
[White "Stoyanov, Tsvetan"]
[Black "Rozum, Ivan"]
[Result "0-1"]
[WhiteElo "2370"]
[BlackElo "2573"]
[EventDate "2019.03.18"]
[Board "64"]
[PlyCount "112"]

1.e4 g6 2.d4 Bg7 3.Nc3 d6 4.Be3 Nf6 5.Qd2 c6 6.Bh6 Bxh6 7.Qxh6 Qa5 8.f3 c5
9.O-O-O cxd4 10.Rxd4 Nc6 11.Rd1 Be6 12.a3 O-O-O 13.Nge2 d5 14.exd5 Nxd5 
15.Nxd5 Rxd5 16.Rxd5 Qxd5 17.Nc3 Qe5 18.Bd3 Nd4 19.Qh4 g5 20.Qh5 Qf4+ 21.
Kb1 Qh4 22.Qxh4 gxh4 23.Rd1 h3 24.Bf1 Rg8 25.Rd2 hxg2 26.Rxg2 Rg6 27.Rxg6 
fxg6 28.Be2 Bd7 29.Bd1 Bc6 30.Ne4 Bxe4 31.fxe4 Kc7 32.Kc1 Kd6 33.Kd2 Ke5 
34.Ke3 g5 35.c3 Nb5 36.Be2 Nd6 37.Bd3 b5 38.b3 g4 39.c4 bxc4 40.bxc4 Nb7 
41.Be2 h5 42.Bd3 Nc5 43.Bc2 a5 44.Bb1 h4 45.Bc2 g3 46.hxg3 hxg3 47.Kf3 
Nxe4 48.c5 Nxc5 49.Kxg3 Kd4 50.Kf3 Kc3 51.Bg6 Kb3 52.Ke3 Kxa3 53.Kd4 Kb4 
54.Kd5 a4 55.Bb1 a3 56.Ba2 Nb3 0-1

[Event "20th EUR-ch"]
[Site "Skopje MKD"]
[Date "2019.03.20"]
[Round "3"]
[White "Djukic, Nikola"]
[Black "Gines Esteo, Pedro Antonio"]
[Result "1-0"]
[WhiteElo "2572"]
[BlackElo "2372"]
[EventDate "2019.03.18"]
[Board "65"]
[PlyCount "91"]

1.e4 c6 2.d4 d5 3.e5 Bf5 4.h4 h6 5.g4 Bd7 6.Nc3 e6 7.Be3 Qb6 8.Nge2 Qxb2 
9.Rb1 Qa3 10.Rxb7 Bb4 11.Bd2 c5 12.dxc5 Bc6 13.Nb5 Bxb5 14.Rxb5 Bxd2+ 15.
Qxd2 Nc6 16.f4 h5 17.g5 Nge7 18.Rh3 Qa4 19.Nc3 Qd4 20.Rd3 Qg1 21.Qf2 Qxf2+
22.Kxf2 Nf5 23.Rh3 O-O 24.Bd3 Nfd4 25.Rb1 Rab8 26.Rhh1 Nb4 27.Rhc1 Rfc8 
28.Ke3 Nxd3 29.Rxb8 Nf5+ 30.Kd2 Rxb8 31.cxd3 Kf8 32.c6 Ke8 33.Na4 Rc8 34.
Rc5 Nxh4 35.Nc3 a6 36.Na4 Ng2 37.Nb6 Rc7 38.Na8 Kd8 39.Nxc7 Kxc7 40.Ra5 
Kxc6 41.Rxa6+ Kb7 42.Rd6 Kc7 43.f5 Nf4 44.g6 f6 45.exf6 Kxd6 46.fxg7 1-0

[Event "20th EUR-ch"]
[Site "Skopje MKD"]
[Date "2019.03.20"]
[Round "3"]
[White "Korobov, Anton"]
[Black "Gaehwiler, Gabriel"]
[Result "1/2-1/2"]
[WhiteElo "2686"]
[BlackElo "2414"]
[EventDate "2019.03.18"]
[Board "70"]
[PlyCount "79"]

1.d4 Nf6 2.c4 e6 3.Nc3 Bb4 4.e3 O-O 5.Bd3 d5 6.a3 Bxc3+ 7.bxc3 c5 8.cxd5 
exd5 9.Ne2 cxd4 10.cxd4 b6 11.O-O Ba6 12.f3 Re8 13.Ng3 Qd7 14.Bf5 Qd6 15.
Re1 Nc6 16.a4 Rad8 17.Ba3 Qb8 18.Rc1 Na5 19.Bb4 Nc4 20.Qb3 b5 21.a5 h5 22.
Bb1 g6 23.Nf1 Re6 24.Qc3 Bb7 25.Nd2 Rde8 26.Nxc4 bxc4 27.Bc2 Bc6 28.Rb1 
Qc7 29.Qd2 Qd7 30.Bc5 Qc7 31.Bb4 Qd7 32.Bc3 Qe7 33.Kf2 Qd6 34.h3 Qh2 35.
Rh1 Qd6 36.Rhe1 Qh2 37.Rh1 Qd6 38.Bb4 Qc7 39.Rhe1 Qh2 40.Rh1 1/2-1/2

[Event "20th EUR-ch"]
[Site "Skopje MKD"]
[Date "2019.03.20"]
[Round "3"]
[White "Eljanov, Pavel"]
[Black "Ioannidis, Evgenios"]
[Result "1/2-1/2"]
[WhiteElo "2682"]
[BlackElo "2412"]
[EventDate "2019.03.18"]
[Board "71"]
[PlyCount "44"]

1.Nf3 c5 2.g3 g6 3.c4 Bg7 4.Nc3 Nc6 5.Bg2 e5 6.d3 Nge7 7.Nd2 d6 8.a3 O-O 
9.Rb1 Be6 10.b4 cxb4 11.axb4 d5 12.b5 Na5 13.Ba3 dxc4 14.Nxc4 Nxc4 15.dxc4
Qc7 16.O-O Rfd8 17.Qa4 Bf8 18.Rfc1 Rd4 19.b6 Qb8 20.Bxe7 Bxe7 21.Ra1 Rxc4 
22.bxa7 Qc7 1/2-1/2

[Event "20th EUR-ch"]
[Site "Skopje MKD"]
[Date "2019.03.20"]
[Round "3"]
[White "Tica, Sven"]
[Black "Dreev, Alexei"]
[Result "0-1"]
[WhiteElo "2416"]
[BlackElo "2662"]
[EventDate "2019.03.18"]
[Board "72"]
[PlyCount "84"]

1.d4 Nf6 2.c4 e6 3.g3 Bb4+ 4.Bd2 a5 5.Bg2 d6 6.Nf3 Nbd7 7.O-O e5 8.e3 O-O 
9.Bc1 a4 10.a3 Ba5 11.Qxa4 c5 12.Qc2 Re8 13.dxe5 dxe5 14.Bd2 Bc7 15.e4 Nb8
16.Nc3 Nc6 17.Nd5 h6 18.h3 Bd6 19.Rad1 Nxd5 20.exd5 Ne7 21.Rfe1 Bf5 22.Qb3
Qc7 23.Bc3 Ng6 24.g4 Bd7 25.Qc2 Re7 26.Re3 Rf8 27.g5 hxg5 28.Nxg5 f5 29.
Ne6 Bxe6 30.dxe6 e4 31.f3 Bf4 32.Re2 e3 33.Rd5 Rxe6 34.Rxf5 Qe7 35.Rxf8+ 
Qxf8 36.Qd3 Bh6 37.Qd7 Nf4 38.Kf1 Re7 39.Qd6 Re6 40.Qd7 Qe7 41.Qc8+ Kh7 
42.a4 Qg5 0-1

[Event "20th EUR-ch"]
[Site "Skopje MKD"]
[Date "2019.03.20"]
[Round "3"]
[White "Safarli, Eltaj"]
[Black "Soysal, Serkan"]
[Result "1/2-1/2"]
[WhiteElo "2662"]
[BlackElo "2405"]
[EventDate "2019.03.18"]
[Board "73"]
[PlyCount "26"]

1.e4 e5 2.Nf3 Nc6 3.Bb5 a6 4.Ba4 d6 5.c3 g6 6.d4 Bd7 7.O-O Bg7 8.Bg5 f6 9.
Be3 Nh6 10.Bb3 Qe7 11.Re1 Nf7 12.dxe5 Ncxe5 13.Nxe5 dxe5 1/2-1/2

[Event "20th EUR-ch"]
[Site "Skopje MKD"]
[Date "2019.03.20"]
[Round "3"]
[White "Parligras, Mircea-Emilian"]
[Black "Atakisi, Umut"]
[Result "1-0"]
[WhiteElo "2657"]
[BlackElo "2403"]
[EventDate "2019.03.18"]
[Board "74"]
[PlyCount "73"]

1.d4 d5 2.c4 c6 3.Nf3 Nf6 4.e3 Bf5 5.Nc3 e6 6.Nh4 Be4 7.f3 Bg6 8.Qb3 Qc7 
9.Bd2 Be7 10.O-O-O dxc4 11.Bxc4 b5 12.Be2 a6 13.Nxg6 hxg6 14.Ne4 Nxe4 15.
fxe4 c5 16.Kb1 Nc6 17.d5 exd5 18.exd5 Ne5 19.Qc2 Bd6 20.Bc3 Qe7 21.h4 c4 
22.Qe4 a5 23.h5 g5 24.Bxe5 Qxe5 25.Qxe5+ Bxe5 26.d6 Rb8 27.Rd5 f6 28.Rhd1 
Kf7 29.Rxb5 Ke6 30.d7 Ke7 31.Bxc4 a4 32.g4 Ra8 33.Rb7 Rhd8 34.a3 Bd6 35.
Bb5 Be5 36.Rc1 Kd6 37.Rc4 1-0

[Event "20th EUR-ch"]
[Site "Skopje MKD"]
[Date "2019.03.20"]
[Round "3"]
[White "Zarubitski, Viachaslau"]
[Black "Volokytin, Andriy"]
[Result "1-0"]
[WhiteElo "2404"]
[BlackElo "2635"]
[EventDate "2019.03.18"]
[Board "75"]
[PlyCount "73"]

1.e4 c5 2.Nf3 d6 3.d4 cxd4 4.Nxd4 Nf6 5.Nc3 a6 6.Be2 e6 7.Be3 Qc7 8.Qd2 b5
9.a3 Bb7 10.f3 Be7 11.g4 Nc6 12.Nxc6 Bxc6 13.g5 Nd7 14.h4 Rb8 15.h5 a5 16.
h6 g6 17.Qd4 e5 18.Qd2 O-O 19.b4 f5 20.Nd5 Bxd5 21.Qxd5+ Kh8 22.exf5 Rxf5 
23.Bd3 Bxg5 24.Bxf5 Qc3+ 25.Kf1 gxf5 26.Bxg5 Qxa1+ 27.Kg2 Qc3 28.Rg1 axb4 
29.Qxd6 e4 30.Kh2 exf3 31.Qxd7 f2 32.Rd1 Qe5+ 33.Kh3 Qc3+ 34.Kh4 Rf8 35.
Qf7 Qc4+ 36.Qxc4 bxc4 37.axb4 1-0

[Event "20th EUR-ch"]
[Site "Skopje MKD"]
[Date "2019.03.20"]
[Round "3"]
[White "Hovhannisian, Robert"]
[Black "Berzinsh, Roland"]
[Result "1-0"]
[WhiteElo "2634"]
[BlackElo "2397"]
[EventDate "2019.03.18"]
[Board "76"]
[PlyCount "132"]

1.e4 e5 2.Nf3 Nc6 3.Bb5 a6 4.Ba4 Nf6 5.d3 Bc5 6.Nc3 b5 7.Bb3 d6 8.Nd5 h6 
9.c3 Rb8 10.O-O O-O 11.d4 Ba7 12.Be3 Nxd5 13.Bxd5 Ne7 14.Bb3 Ng6 15.dxe5 
Bxe3 16.fxe3 Rb6 17.exd6 Rxd6 18.Qc2 Qe7 19.Rad1 Rxd1 20.Rxd1 Bb7 21.Bd5 
Bxd5 22.Rxd5 Re8 23.Rd4 Ne5 24.Nxe5 Qxe5 25.Qd3 Re6 26.a4 c6 27.a5 h5 28.
Qe2 Rf6 29.Qe1 Qc7 30.b4 c5 31.bxc5 Qxa5 32.Rd6 Qc7 33.Qg3 Rxd6 34.cxd6 
Qxc3 35.h4 Kf8 36.e5 f6 37.d7 Qc1+ 38.Kh2 Qc7 39.exf6 Qxd7 40.Qb8+ Kf7 41.
fxg7 Kxg7 42.Qe5+ Kg8 43.Qg5+ Qg7 44.Qxh5 Qc7+ 45.Kh3 Qc3 46.Qe8+ Kh7 47.
Qe7+ Kh8 48.Qd8+ Kh7 49.Qd7+ Kh8 50.Qe8+ Kh7 51.g4 Qe1 52.Qe4+ Kh8 53.g5 
Qe2 54.Qf4 Kg7 55.Qf6+ Kg8 56.Qe6+ Kg7 57.Qe7+ Kg8 58.Qe8+ Kg7 59.Qd7+ Kg8
60.Qc8+ Kg7 61.Qc3+ Kg8 62.Kg3 b4 63.Qc8+ Kg7 64.Qd7+ Kg8 65.Qe8+ Kg7 66.
Qe7+ Kh8 1-0

[Event "20th EUR-ch"]
[Site "Skopje MKD"]
[Date "2019.03.20"]
[Round "3"]
[White "Drnovsek, Gal"]
[Black "Fridman, Daniel"]
[Result "0-1"]
[WhiteElo "2402"]
[BlackElo "2633"]
[EventDate "2019.03.18"]
[Board "77"]
[PlyCount "82"]

1.d4 Nf6 2.c4 e6 3.Nc3 d5 4.cxd5 exd5 5.Bg5 c6 6.Qc2 h6 7.Bh4 g6 8.e3 Bf5 
9.Bd3 Bxd3 10.Qxd3 Nbd7 11.Nge2 Be7 12.f3 O-O 13.O-O Re8 14.Rad1 b5 15.
Bxf6 Bxf6 16.e4 b4 17.Na4 Nb6 18.Nc5 Nc4 19.Rb1 Be7 20.b3 Ne5 21.Qc2 Nd7 
22.Nd3 Rc8 23.Nef4 Bg5 24.Rbe1 dxe4 25.fxe4 Nf6 26.Qc4 Nxe4 27.Ne5 Rxe5 
28.dxe5 Qb6+ 29.Kh1 Nd2 30.Qc2 Nxf1 31.Rxf1 Qd4 32.Nh3 Qxe5 33.Nxg5 Qxg5 
34.Qc4 Qe7 35.h3 c5 36.Rd1 h5 37.Rd5 h4 38.Kh2 Kg7 39.Qd3 Re8 40.Qd2 Qc7+ 
41.Kh1 Qg3 0-1

[Event "20th EUR-ch"]
[Site "Skopje MKD"]
[Date "2019.03.20"]
[Round "3"]
[White "Lagarde, Maxime"]
[Black "Semjonovs, Ilja"]
[Result "1-0"]
[WhiteElo "2631"]
[BlackElo "2401"]
[EventDate "2019.03.18"]
[Board "78"]
[PlyCount "53"]

1.d4 Nf6 2.Nf3 g6 3.g3 Bg7 4.Bg2 O-O 5.O-O d6 6.Re1 c6 7.e4 Bg4 8.Nbd2 e5 
9.c3 Qc7 10.h3 Bxf3 11.Nxf3 Nbd7 12.dxe5 dxe5 13.Qc2 Nc5 14.b4 Ne6 15.Be3 
a5 16.a3 Nd7 17.h4 Rfe8 18.Rad1 b5 19.Bh3 Nb6 20.Bxb6 Qxb6 21.Rd7 axb4 22.
axb4 c5 23.Red1 cxb4 24.cxb4 Nd4 25.Nxd4 exd4 26.Qb3 Qf6 27.R1xd4 1-0

[Event "20th EUR-ch"]
[Site "Skopje MKD"]
[Date "2019.03.20"]
[Round "3"]
[White "Di Benedetto, Edoardo"]
[Black "Salgado Lopez, Ivan"]
[Result "1/2-1/2"]
[WhiteElo "2394"]
[BlackElo "2622"]
[EventDate "2019.03.18"]
[Board "79"]
[PlyCount "93"]

1.d4 Nf6 2.c4 e6 3.Nc3 Bb4 4.e3 O-O 5.Ne2 Re8 6.a3 Bf8 7.Ng3 d5 8.Be2 Nbd7
9.O-O b6 10.e4 dxe4 11.Ngxe4 Bb7 12.Bf3 Qc8 13.Bf4 Nxe4 14.Bxe4 Bxe4 15.
Nxe4 e5 16.dxe5 Nxe5 17.Qd5 Qf5 18.Bxe5 Qxe5 19.Qxe5 Rxe5 20.Nc3 Rae8 21.
Rfd1 h5 22.Kf1 Rf5 23.Nb5 Rc5 24.b3 a6 25.Nd4 g6 26.a4 Bd6 27.Re1 Kf8 28.
Rad1 Re7 29.Rxe7 Kxe7 30.g3 Kd7 31.Ke2 Re5+ 32.Kd3 a5 33.f4 Re8 34.Nf3 f6 
35.Re1 Rg8 36.Re4 Rg7 37.Ke2 Bc5 38.Kd3 Rg8 39.Re2 Rd8 40.Kc2 Rg8 41.Kd3 
Rd8 42.Kc2 Bd6 43.Kd3 Be7 44.Nh4 Rg8 45.Nf3 Bd6 46.Re4 Bc5 47.Re2 1/2-1/2

[Event "20th EUR-ch"]
[Site "Skopje MKD"]
[Date "2019.03.20"]
[Round "3"]
[White "Ayats Llobera, Gerard"]
[Black "Blubaum, Matthias"]
[Result "0-1"]
[WhiteElo "2377"]
[BlackElo "2616"]
[EventDate "2019.03.18"]
[Board "80"]
[PlyCount "84"]

1.e4 e6 2.b3 d5 3.Bb2 a6 4.exd5 exd5 5.Nf3 Nc6 6.d4 Bd6 7.Be2 Nf6 8.O-O 
O-O 9.c4 Re8 10.Nc3 Bg4 11.h3 Bh5 12.cxd5 Ne7 13.Ne5 Bxe2 14.Qxe2 Bb4 15.
d6 Qxd6 16.Qc4 Ned5 17.Nxd5 Nxd5 18.a3 Bd2 19.Qc5 Qe6 20.Rad1 Bg5 21.Rfe1 
c6 22.Qc2 Bf4 23.Bc1 Bxc1 24.Qxc1 Qf5 25.Qb1 Qxb1 26.Rxb1 Nc3 27.Ra1 f6 
28.Nf3 Kf7 29.Kf1 Rxe1+ 30.Rxe1 Rd8 31.a4 Nd5 32.g3 g5 33.Rd1 h5 34.Ne1 
Kg6 35.Nd3 Kf5 36.a5 Nc3 37.Rc1 Ne4 38.Nc5 Nxc5 39.Rxc5+ Ke4 40.h4 Rd5 41.
hxg5 fxg5 42.Ke2 Kxd4 0-1

[Event "20th EUR-ch"]
[Site "Skopje MKD"]
[Date "2019.03.20"]
[Round "3"]
[White "Martirosian, Haik"]
[Black "Ozen, Deniz"]
[Result "1-0"]
[WhiteElo "2616"]
[BlackElo "2393"]
[EventDate "2019.03.18"]
[Board "81"]
[PlyCount "95"]

1.d4 d5 2.c4 c6 3.Nf3 Nf6 4.Nc3 dxc4 5.a4 Bf5 6.e3 e6 7.Bxc4 Bb4 8.O-O O-O
9.Qe2 Nbd7 10.e4 Bg4 11.Rd1 Qc7 12.h3 Bxf3 13.Qxf3 e5 14.Ba2 exd4 15.Rxd4 
Bc5 16.Rd1 Bd6 17.Be3 Ne5 18.Qf5 Ng6 19.Rac1 a6 20.Nd5 Nxd5 21.exd5 Bf4 
22.dxc6 Bxe3 23.fxe3 bxc6 24.Rd7 Qg3 25.Rxf7 Qxe3+ 26.Kh2 Kh8 27.Qc5 Qe4 
28.Bb1 Qe8 29.Bxg6 hxg6 30.Qxf8+ Qxf8 31.Rxf8+ Rxf8 32.Rxc6 Kh7 33.a5 Rf2 
34.b4 Rb2 35.Rb6 Kh6 36.Kg3 Kg5 37.Kf3 Kf5 38.Ke3 Rxg2 39.Rxa6 Rg3+ 40.Kd4
Rxh3 41.Rc6 g5 42.a6 g4 43.a7 Rh8 44.Ra6 Ra8 45.b5 g3 46.b6 g2 47.Ra1 Kg4 
48.Kc5 1-0

[Event "20th EUR-ch"]
[Site "Skopje MKD"]
[Date "2019.03.20"]
[Round "3"]
[White "Kaasen, Tor Fredrik"]
[Black "Zhigalko, Sergei"]
[Result "0-1"]
[WhiteElo "2383"]
[BlackElo "2604"]
[EventDate "2019.03.18"]
[Board "82"]
[PlyCount "74"]

1.d4 Nf6 2.c4 e6 3.Nf3 b6 4.g3 Ba6 5.b3 Bb4+ 6.Bd2 Be7 7.Bg2 c6 8.Bc3 d5 
9.Nbd2 Nbd7 10.Qc2 c5 11.dxc5 bxc5 12.cxd5 exd5 13.O-O O-O 14.Rfe1 Bb7 15.
Rad1 Re8 16.Ne5 Qb6 17.e4 d4 18.Ndc4 Qe6 19.Nxd7 Nxd7 20.Bd2 Nb6 21.Na5 
Ba6 22.f4 Rac8 23.f5 Qd7 24.Bf1 Bxf1 25.Rxf1 d3 26.Qb2 c4 27.Rf4 Bd6 28.
Rg4 Be5 29.Bc3 Qb5 30.Qd2 h5 31.Rg5 f6 32.Rg6 Qc5+ 33.Kg2 cxb3 34.Bxe5 
Rxe5 35.Qxd3 Rxe4 36.Qxb3+ Rc4 37.Qf3 Rc2+ 0-1

[Event "20th EUR-ch"]
[Site "Skopje MKD"]
[Date "2019.03.20"]
[Round "3"]
[White "Esipenko, Andrei"]
[Black "Badelka, Olga"]
[Result "1-0"]
[WhiteElo "2603"]
[BlackElo "2384"]
[EventDate "2019.03.18"]
[Board "83"]
[PlyCount "73"]

1.e4 c5 2.Nf3 Nc6 3.d4 cxd4 4.Nxd4 Qb6 5.Nb3 Nf6 6.Nc3 e6 7.Be3 Qc7 8.a3 
a6 9.f4 d6 10.g4 b5 11.g5 Nd7 12.h4 Nc5 13.Qe2 Bb7 14.f5 Ne5 15.Bg2 exf5 
16.exf5 Nxb3 17.cxb3 Be7 18.O-O-O O-O-O 19.Kb1 Bxg2 20.Qxg2 Qb7 21.Nd5 Kb8
22.Rhf1 Rhe8 23.h5 Bf8 24.Qh3 Nd7 25.Bd4 Nc5 26.Qf3 Ne4 27.g6 hxg6 28.fxg6
f6 29.Ka2 Re6 30.Qg4 Rde8 31.h6 gxh6 32.Nxf6 Nxf6 33.Rxf6 Rxf6 34.Bxf6 Qe4
35.Qxe4 Rxe4 36.g7 Bxg7 37.Bxg7 1-0

[Event "20th EUR-ch"]
[Site "Skopje MKD"]
[Date "2019.03.20"]
[Round "3"]
[White "Donchenko, Alexander"]
[Black "Lewtak, Damian"]
[Result "1-0"]
[WhiteElo "2593"]
[BlackElo "2379"]
[EventDate "2019.03.18"]
[Board "84"]
[PlyCount "77"]

1.Nf3 c5 2.c4 Nc6 3.Nc3 e6 4.g3 Nf6 5.Bg2 d5 6.cxd5 Nxd5 7.O-O Be7 8.d4 
cxd4 9.Nxd5 exd5 10.Nxd4 O-O 11.Nxc6 bxc6 12.Qc2 Qd7 13.Rd1 Rd8 14.Be3 Ba6
15.Rac1 Rac8 16.Rd2 Re8 17.Bf3 Bd8 18.Bc5 Bb6 19.e3 Qe6 20.Rd4 g6 21.Rb4 
Rb8 22.Bg4 f5 23.Bf3 Rec8 24.b3 h5 25.Rh4 Rb7 26.Qd1 Rd7 27.Rb4 Bxc5 28.
Rxc5 Kh7 29.Qc1 Qd6 30.Rd4 Rdc7 31.Qc2 Re7 32.Bxd5 Qf6 33.Rxc6 Qxd4 34.
exd4 Re1+ 35.Kg2 Bf1+ 36.Kf3 Rce8 37.Rc7+ Kh6 38.Qd2+ g5 39.Rc6+ 1-0

[Event "20th EUR-ch"]
[Site "Skopje MKD"]
[Date "2019.03.20"]
[Round "3"]
[White "Iliaguev, Nisim"]
[Black "Stocek, Jiri"]
[Result "1-0"]
[WhiteElo "2366"]
[BlackElo "2592"]
[EventDate "2019.03.18"]
[Board "85"]
[PlyCount "148"]

1.d4 Nf6 2.c4 e6 3.Nf3 b6 4.g3 Bb7 5.Bg2 Be7 6.O-O O-O 7.d5 Na6 8.Nc3 Bb4 
9.Nd4 Bxc3 10.bxc3 Nc5 11.Nb3 Rb8 12.Nxc5 bxc5 13.e4 d6 14.Qa4 Qc8 15.e5 
dxe5 16.Qxa7 Nd7 17.Rb1 Nb6 18.Qa5 exd5 19.cxd5 Ba6 20.Re1 Bd3 21.Rb3 c4 
22.Rb4 Qd8 23.Be3 Re8 24.Qb5 Nd7 25.Qc6 e4 26.d6 cxd6 27.Qxd6 Ra8 28.a4 h6
29.Bd4 Re6 30.Qd5 Ne5 31.Qxd8+ Rxd8 32.Rb5 Rde8 33.a5 Nf3+ 34.Bxf3 exf3 
35.Rxe6 Rxe6 36.Re5 Rd6 37.h3 f5 38.Kh2 Kf7 39.g4 f4 40.h4 g6 41.Rb5 Be4 
42.Rc5 Rc6 43.Re5 Bd3 44.Rb5 Ke6 45.Be5 h5 46.gxh5 gxh5 47.Bxf4 Bf5 48.Kg3
Bg4 49.Be3 Kd7 50.Rg5 Re6 51.Rg7+ Kc8 52.Bb6 Kb8 53.Kf4 Rf6+ 54.Ke5 Rf8 
55.Kd4 Bc8 56.Bc7+ Ka8 57.Kxc4 Rf6 58.Be5 Re6 59.Rg5 Rh6 60.Kc5 Kb7 61.c4 
Bd7 62.Rg7 Kc8 63.Bd6 Re6 64.a6 Re2 65.Rg5 Be8 66.Bg3 Ra2 67.Rg8 Kd8 68.
Kb6 Rb2+ 69.Ka7 Rc2 70.Kb6 Rb2+ 71.Kc5 Ra2 72.Rf8 Rxa6 73.Rxf3 Ke7 74.Re3+
Kd8 1-0

[Event "20th EUR-ch"]
[Site "Skopje MKD"]
[Date "2019.03.20"]
[Round "3"]
[White "Wagner, Dennis"]
[Black "Shubin, Kirill"]
[Result "1-0"]
[WhiteElo "2580"]
[BlackElo "2370"]
[EventDate "2019.03.18"]
[Board "86"]
[PlyCount "63"]

1.d4 e6 2.c4 Nf6 3.Nc3 Bb4 4.e3 O-O 5.Nf3 d5 6.Bd2 b6 7.cxd5 exd5 8.Rc1 
Bb7 9.Bd3 Bxc3 10.Bxc3 Ne4 11.O-O Nd7 12.b4 Nxc3 13.Rxc3 c6 14.Qc2 h6 15.
Bh7+ Kh8 16.Bf5 Nf6 17.Ne5 Qd6 18.a3 g6 19.Bd3 Rae8 20.Rc1 a6 21.h3 Nd7 
22.Nxc6 Kg7 23.b5 axb5 24.Bxb5 Nf6 25.Qb2 Ne4 26.R3c2 Ra8 27.Nb4 Bc8 28.
Bc6 Ra5 29.Bxd5 Bf5 30.Rc6 Qd8 31.Bxe4 Bxe4 32.d5+ 1-0

[Event "20th EUR-ch"]
[Site "Skopje MKD"]
[Date "2019.03.20"]
[Round "3"]
[White "Petrosian, Manuel"]
[Black "Manea, Alexandru"]
[Result "1/2-1/2"]
[WhiteElo "2564"]
[BlackElo "2357"]
[EventDate "2019.03.18"]
[Board "87"]
[PlyCount "130"]

1.d4 d5 2.c4 c6 3.Nf3 Nf6 4.e3 Bf5 5.Nc3 a6 6.Bd3 Bxd3 7.Qxd3 e6 8.O-O Be7
9.e4 dxe4 10.Nxe4 Nbd7 11.Bf4 Nxe4 12.Qxe4 Nf6 13.Qe2 O-O 14.a3 Qa5 15.Ne5
Rad8 16.Rfd1 Rfe8 17.h3 Nd7 18.b4 Qc7 19.Nd3 Bd6 20.Bg5 Be7 21.Bxe7 Rxe7 
22.d5 cxd5 23.cxd5 Nf6 24.Rac1 Qb8 25.dxe6 Rxe6 26.Qf3 b6 27.Nf4 Red6 28.
Rxd6 Rxd6 29.g3 h6 30.Kg2 g6 31.Rc6 Kg7 32.a4 Rxc6 33.Qxc6 a5 34.bxa5 bxa5
35.Qc3 Qd8 36.Nd3 Kg8 37.Nc5 Qd5+ 38.Kh2 Qf5 39.Kg1 Qb1+ 40.Kg2 Ne4 41.Qd3
Qxd3 42.Nxd3 f5 43.Kf3 Nc3 44.Nb2 Nd5 45.Ke2 Kf7 46.Kd3 Ke6 47.Nc4 g5 48.
Kd4 h5 49.h4 gxh4 50.gxh4 Nf4 51.Nxa5 Ng2 52.Nc4 Nxh4 53.a5 Kd7 54.Ke5 Kc6
55.Na3 Kb7 56.Nc4 Ka6 57.Kf4 Kb5 58.Ne5 Ng2+ 59.Kxf5 Kxa5 60.Kg5 Kb5 61.
Kxh5 Nf4+ 62.Kg4 Nd5 63.Kf5 Kc5 64.Nd7+ Kc6 65.Nf6 Ne7+ 1/2-1/2